| 000 | 00664nam a2200229 a 4500 | ||
|---|---|---|---|
| 999 |
_c12643 _d12643 |
||
| 001 | 12643 | ||
| 003 | BD-JhCC | ||
| 005 | 20221025104123.0 | ||
| 008 | 221025s2022 bg |||| |||| 000 0 ban d | ||
| 020 | _a9789849441526 | ||
| 035 | _a(BD-JhCC)12643 | ||
| 040 |
_aBD-JhCC _dBD-JhCC |
||
| 041 | _aBangla | ||
| 082 |
_a891.443 _bAPU 2022 |
||
| 100 | _aঅপু, অনীশ দাস | ||
| 245 |
_aহরর সমগ্র / _cঅনীশ দাস অপু |
||
| 260 |
_aঢাকা : _bরেনেসাঁ, _c২০২২ |
||
| 300 |
_a২৫৬ পৃ. : _c২২ সেমি. |
||
| 650 | _aBengla Novel | ||
| 650 | _aGhost Story | ||
| 942 |
_2ddc _cBK |
||